[Event "CYCC U10"]
[Site "Sault Ste Marie CAN"]
[Date "2017.07.08"]
[Round "5"]
[White "Zhao, Jeffrey Renfei"]
[Black "Zhong, Kevin"]
[Result "0-1"]
[WhiteElo "1520"]
[BlackElo "1810"]
[WhiteFideId "-1"]
[WhiteFideId "-1"]
[PlyCount "78"]
[GameId "2160767908344628"]
[EventDate "2017.07.06"]
[EventType "swiss"]
[EventRounds "7"]
[EventCountry "CAN"]
[SourceTitle "EXT 2022"]
[Source "ChessBase"]
[SourceDate "2021.10.06"]
[SourceVersion "1"]
[SourceVersionDate "2021.10.06"]
[SourceQuality "1"]

1. Nf3 d5 2. c4 e6 3. g3 c5 4. Bg2 Nf6 5. O-O d4 6. d3 h6 7. e3 Nc6 8. exd4 cxd4 9. Na3 Bc5 10. Nc2 O-O 11. Rb1 a5 12. b3 e5 13. Re1 Re8 14. Nd2 Bd7 15. a3 Qe7 16. h3 Bf5 17. Qe2 Rad8 18. g4 Bh7 19. Ne4 Nd7 20. Kh2 g5 21. Ng3 Bd6 22. Be4 Nc5 23. f3 Qf6 24. a4 Ne7 25. Bd2 b6 26. Rf1 Ng6 27. Ne1 Nf4 28. Bxf4 exf4 29. Nh1 Qg7 30. Qg2 Nxe4 31. dxe4 Bxe4 32. Rc1 Bh7 33. Nc2 d3 34. Na1 Bc5 35. Rcd1 Re3 36. Nf2 Re2 37. Rde1 Rde8 38. Rd1 Bxf2 39. Rxf2 Rxf2 0-1

[Event "CYCC U10"]
[Site "Sault Ste Marie CAN"]
[Date "2017.07.09"]
[Round "6"]
[White "Adrik de Leon, Raf"]
[Black "Hodgson, Trent"]
[Result "1-0"]
[WhiteElo "965"]
[BlackElo "682"]
[WhiteFideId "-1"]
[WhiteFideId "-1"]
[PlyCount "85"]
[GameId "2160767908344630"]
[EventDate "2017.07.06"]
[EventType "swiss"]
[EventRounds "7"]
[EventCountry "CAN"]
[SourceTitle "EXT 2022"]
[Source "ChessBase"]
[SourceDate "2021.10.06"]
[SourceVersion "1"]
[SourceVersionDate "2021.10.06"]
[SourceQuality "1"]

1. e4 e5 2. Nf3 Nc6 3. Bc4 Bc5 4. O-O Nf6 5. Nc3 O-O 6. b3 h6 7. Bb2 d6 8. Re1 Nd4 9. Nxd4 Bxd4 10. Rb1 Ng4 11. Rf1 Qf6 12. Qe2 Qf4 13. g3 Qg5 14. h4 Qh5 15. Nd5 Bxb2 16. Rxb2 g5 17. Ne7+ Kg7 18. Nf5+ Kh7 19. Kg2 Bxf5 20. exf5 f6 21. Kh3 Nxf2+ 22. Rxf2 Qxe2 23. Bxe2 Rg8 24. Bh5 b6 25. c3 a5 26. a4 e4 27. Re2 d5 28. c4 dxc4 29. Rxe4 cxb3 30. Rxb3 c5 31. Bg6+ Kh8 32. Re7 Rg7 33. Rxg7 Kxg7 34. Rxb6 gxh4 35. Kxh4 h5 36. Rb7+ Kg8 37. Bf7+ Kf8 38. Bd5 Rd8 39. Be6 Rxd2 40. Kxh5 Rc2 41. Kg6 c4 42. Kxf6 c3 43. Rb8# 1-0

[Event "CYCC U10"]
[Site "Sault Ste Marie CAN"]
[Date "2017.07.09"]
[Round "6"]
[White "Beliveau, Mathieu"]
[Black "Chen, Derek1"]
[Result "0-1"]
[WhiteElo "1097"]
[BlackElo "1336"]
[WhiteFideId "-1"]
[WhiteFideId "-1"]
[PlyCount "82"]
[GameId "2160767908344633"]
[EventDate "2017.07.06"]
[EventType "swiss"]
[EventRounds "7"]
[EventCountry "CAN"]
[SourceTitle "EXT 2022"]
[Source "ChessBase"]
[SourceDate "2021.10.06"]
[SourceVersion "1"]
[SourceVersionDate "2021.10.06"]
[SourceQuality "1"]

1. d4 Nf6 2. Nf3 b6 3. c4 Bb7 4. Nc3 e6 5. e3 c5 6. d5 Be7 7. e4 d6 8. Be2 O-O 9. O-O Re8 10. Bf4 exd5 11. exd5 a6 12. a4 Qc7 13. Bd3 Nbd7 14. Qc2 h6 15. Rfe1 Nh5 16. Bd2 Bf6 17. Ne4 Be5 18. Nxe5 Rxe5 19. a5 Rae8 20. axb6 Qxb6 21. Bc3 R5e7 22. Qe2 Nf4 23. Qg4 Ng6 24. Kf1 Nde5 25. Qg3 Nxd3 26. Qxd3 Bc8 27. Re3 Bf5 28. Rae1 Qc7 29. f3 Ne5 30. Bxe5 Rxe5 31. Qa3 Bxe4 32. fxe4 Qc8 33. Qa5 Qb7 34. Qa4 f5 35. Qc2 Qf7 36. Kg1 Qe7 37. Kf2 fxe4 38. Rxe4 Rxe4 39. Rxe4 Qxe4 40. Qa4 Qf4+ 41. Kg1 Re1# 0-1

[Event "CYCC U10"]
[Site "Sault Ste Marie CAN"]
[Date "2017.07.09"]
[Round "6"]
[White "Chen, Andrew2"]
[Black "Brunet, Alexandre"]
[Result "1-0"]
[WhiteElo "1009"]
[BlackElo "356"]
[WhiteFideId "-1"]
[WhiteFideId "-1"]
[PlyCount "49"]
[GameId "2160767908344635"]
[EventDate "2017.07.06"]
[EventType "swiss"]
[EventRounds "7"]
[EventCountry "CAN"]
[SourceTitle "EXT 2022"]
[Source "ChessBase"]
[SourceDate "2021.10.06"]
[SourceVersion "1"]
[SourceVersionDate "2021.10.06"]
[SourceQuality "1"]

1. e4 e5 2. Nf3 Nc6 3. d4 Bb4+ 4. c3 Be7 5. d5 Na5 6. b4 c6 7. bxa5 Qxa5 8. Qb3 Nf6 9. Bd3 d6 10. O-O Bg4 11. Qxb7 O-O 12. Qxe7 Qc5 13. Nxe5 Rfe8 14. Qb7 Rab8 15. Qxc6 Qa5 16. Nxg4 Nxg4 17. Qxd6 Rbd8 18. Qf4 h5 19. Qg5 Re5 20. Qh4 Rde8 21. Bf4 g5 22. Qxh5 Nf6 23. Qh6 Ng4 24. Qd6 Nf6 25. Bxe5 1-0

[Event "CYCC U10"]
[Site "Sault Ste Marie CAN"]
[Date "2017.07.09"]
[Round "6"]
[White "Chen, Grant"]
[Black "Ripley, Sam"]
[Result "0-1"]
[WhiteElo "817"]
[BlackElo "876"]
[WhiteFideId "-1"]
[WhiteFideId "-1"]
[PlyCount "114"]
[GameId "2160767908344636"]
[EventDate "2017.07.06"]
[EventType "swiss"]
[EventRounds "7"]
[EventCountry "CAN"]
[SourceTitle "EXT 2022"]
[Source "ChessBase"]
[SourceDate "2021.10.06"]
[SourceVersion "1"]
[SourceVersionDate "2021.10.06"]
[SourceQuality "1"]

1. e4 e5 2. Nf3 Nc6 3. Bb5 a6 4. Bxc6 dxc6 5. Nc3 Nf6 6. O-O Bd6 7. d3 Bg4 8. h3 Bh5 9. Bg5 h6 10. Bh4 g5 11. Bg3 g4 12. hxg4 Bxg4 13. Bh4 Be7 14. Qe2 Nh5 15. Bxe7 Qxe7 16. Qe3 Bxf3 17. Qxf3 Qg5 18. Ne2 Nf4 19. Nxf4 Qxf4 20. Qxf4 exf4 21. Rfe1 Rg8 22. Rad1 f3 23. g3 h5 24. Kh2 Ke7 25. Re3 h4 26. Rxf3 Rg7 27. c3 Rh8 28. Kg2 hxg3 29. fxg3 Rgh7 30. Rf2 Rh2+ 31. Kf1 Rh1+ 32. Ke2 Rxd1 33. Kxd1 Rh3 34. Rf3 Rh1+ 35. Ke2 Ra1 36. Rf2 Rxa2 37. Ke3 c5 38. b3 Rxf2 39. Kxf2 Ke6 40. Ke3 Ke5 41. g4 b5 42. c4 c6 43. g5 a5 44. Kd2 Kd4 45. Kc2 Ke5 46. Kc3 Kf4 47. d4 Kxe4 48. dxc5 b4+ 49. Kc2 Kd4 50. Kb2 Kd3 51. Kb1 Kc3 52. Ka2 Kc2 53. Ka1 a4 54. bxa4 b3 55. a5 b2+ 56. Ka2 b1=Q+ 57. Ka3 Qb3# 0-1

[Event "CYCC U10"]
[Site "Sault Ste Marie CAN"]
[Date "2017.07.09"]
[Round "6"]
[White "Ghazarian, Tigran"]
[Black "Bocan, Richard"]
[Result "1-0"]
[WhiteElo "1825"]
[BlackElo "1086"]
[WhiteFideId "-1"]
[WhiteFideId "-1"]
[PlyCount "97"]
[GameId "2160767908344637"]
[EventDate "2017.07.06"]
[EventType "swiss"]
[EventRounds "7"]
[EventCountry "CAN"]
[SourceTitle "EXT 2022"]
[Source "ChessBase"]
[SourceDate "2021.10.06"]
[SourceVersion "1"]
[SourceVersionDate "2021.10.06"]
[SourceQuality "1"]

1. e4 c6 2. d4 d5 3. exd5 cxd5 4. c4 e6 5. Nf3 Nf6 6. Nc3 Nc6 7. Bg5 dxc4 8. Bxc4 h6 9. Bh4 Be7 10. O-O O-O 11. Re1 b6 12. a3 Bb7 13. Bd3 Kh8 14. Bc2 Rc8 15. Qd3 g6 16. Bg3 Rg8 17. Rad1 Bf8 18. Qe2 Ne7 19. Ne5 Qe8 20. Ba4 Bc6 21. Nxc6 Nxc6 22. d5 exd5 23. Qxe8 Nxe8 24. Bxc6 Rxc6 25. Rxe8 Bxa3 26. Be5+ f6 27. Bxf6+ Rxf6 28. Rxg8+ Kxg8 29. bxa3 Rd6 30. Nxd5 Kf7 31. Ne3 Rxd1+ 32. Nxd1 Ke6 33. f3 Kd5 34. Kf2 Kc4 35. f4 Kb3 36. h4 Kxa3 37. h5 Kb4 38. hxg6 a5 39. g7 a4 40. g8=Q b5 41. Qa2 Ka5 42. Nc3 Kb4 43. Nxb5 Kxb5 44. f5 Kc6 45. f6 Kd7 46. Qxa4+ Ke6 47. Qf4 Kf7 48. Qxh6 Kg8 49. Qg7# 1-0

[Event "CYCC U10"]
[Site "Sault Ste Marie CAN"]
[Date "2017.07.09"]
[Round "6"]
[White "Guipi Bopala, Prince Eric jr"]
[Black "Chen, Max"]
[Result "1/2-1/2"]
[WhiteElo "1814"]
[BlackElo "1974"]
[WhiteFideId "-1"]
[WhiteFideId "-1"]
[PlyCount "115"]
[GameId "2160767908344638"]
[EventDate "2017.07.06"]
[EventType "swiss"]
[EventRounds "7"]
[EventCountry "CAN"]
[SourceTitle "EXT 2022"]
[Source "ChessBase"]
[SourceDate "2021.10.06"]
[SourceVersion "1"]
[SourceVersionDate "2021.10.06"]
[SourceQuality "1"]

1. d4 Nf6 2. Bf4 g6 3. c3 Bg7 4. Nd2 d5 5. e3 Nbd7 6. h3 b6 7. Bd3 Bb7 8. Ngf3 Rc8 9. O-O O-O 10. Ne5 c5 11. Bh2 e6 12. Qe2 Qe7 13. Rfe1 c4 14. Bc2 b5 15. Nxd7 Nxd7 16. e4 Qf6 17. Bd6 Rfe8 18. e5 Qd8 19. a4 a6 20. axb5 axb5 21. Ra7 Qb6 22. Rea1 Ra8 23. Rxa8 Rxa8 24. Qe1 Ra6 25. Ra3 Bf8 26. Bxf8 Kxf8 27. Qa1 Nb8 28. Kf1 Nc6 29. g4 b4 30. Ra4 Qb5 31. Bd1 b3 32. Rxa6 Bxa6 33. Qa3+ Kg7 34. Kg2 Na7 35. Qe7 Nc6 36. Qf6+ Kg8 37. Nb1 Qb7 38. Na3 Qd7 39. Qf4 Ne7 40. Qf6 Nc8 41. Qf4 Nb6 42. Qc1 Bb7 43. Qd2 Bc6 44. Bf3 Na4 45. Be2 Qe7 46. g5 Nb6 47. Bf3 Be8 48. Be2 Na4 49. h4 Nb6 50. Bd1 Na8 51. Be2 Nc7 52. Qc1 Qd8 53. Bd1 Kf8 54. Be2 Qa8 55. Bd1 Nb5 56. Nxb5 Bxb5 57. Be2 Qa2 58. Bd1 1/2-1/2

[Event "CYCC U10"]
[Site "Sault Ste Marie CAN"]
[Date "2017.07.09"]
[Round "6"]
[White "Huang, Youhe"]
[Black "Wang, Daniel1"]
[Result "1-0"]
[WhiteElo "1448"]
[BlackElo "1285"]
[WhiteFideId "-1"]
[WhiteFideId "-1"]
[PlyCount "63"]
[GameId "2160767908344639"]
[EventDate "2017.07.06"]
[EventType "swiss"]
[EventRounds "7"]
[EventCountry "CAN"]
[SourceTitle "EXT 2022"]
[Source "ChessBase"]
[SourceDate "2021.10.06"]
[SourceVersion "1"]
[SourceVersionDate "2021.10.06"]
[SourceQuality "1"]

1. e4 c5 2. Nf3 d6 3. Bb5+ Bd7 4. Bxd7+ Nxd7 5. c3 Ngf6 6. Qe2 g6 7. d4 Bg7 8. e5 dxe5 9. dxe5 Nd5 10. e6 N7f6 11. Ng5 O-O 12. exf7+ Rxf7 13. Nxf7 Kxf7 14. O-O Kg8 15. Rd1 Qb6 16. Nd2 h6 17. Ne4 e6 18. Nxf6+ Nxf6 19. Bf4 Nd5 20. Be5 Bxe5 21. Qxe5 Rf8 22. Rd2 Rf5 23. Qg3 Nf4 24. Rad1 e5 25. Rd8+ Kf7 26. Qh4 Rg5 27. Qxh6 Rxg2+ 28. Kh1 Rg1+ 29. Kxg1 Ne2+ 30. Kf1 Qb5 31. Qf8+ Ke6 32. R8d6# 1-0

[Event "CYCC U10"]
[Site "Sault Ste Marie CAN"]
[Date "2017.07.09"]
[Round "6"]
[White "Latorre, Vincent"]
[Black "Yuan, Henry"]
[Result "1/2-1/2"]
[WhiteElo "1200"]
[BlackElo "961"]
[WhiteFideId "-1"]
[WhiteFideId "-1"]
[PlyCount "94"]
[GameId "2160767908344640"]
[EventDate "2017.07.06"]
[EventType "swiss"]
[EventRounds "7"]
[EventCountry "CAN"]
[SourceTitle "EXT 2022"]
[Source "ChessBase"]
[SourceDate "2021.10.06"]
[SourceVersion "1"]
[SourceVersionDate "2021.10.06"]
[SourceQuality "1"]

1. e4 c5 2. Nf3 d6 3. d4 cxd4 4. Nxd4 Nf6 5. Nc3 g6 6. f3 e5 7. Nde2 Nc6 8. Bg5 h6 9. Bh4 Be7 10. Bf2 Be6 11. Qd2 d5 12. exd5 Nxd5 13. Nxd5 Bxd5 14. Nc3 Be6 15. Qxd8+ Rxd8 16. a3 O-O 17. g4 Nd4 18. Bxd4 exd4 19. Ne4 Bh4+ 20. Kd2 Rfe8 21. Rg1 Bd5 22. Bd3 Bxe4 23. Bxe4 Bg5+ 24. Kd1 b6 25. a4 Kg7 26. a5 Kf6 27. axb6 axb6 28. Ra4 Bf4 29. h4 Bd6 30. Rg2 Bc5 31. Ra7 b5 32. Ra5 Rb8 33. Re2 Bb4 34. Ra6+ Kg7 35. Rg2 Kf8 36. Ke2 Rbc8 37. Kd3 Bc5 38. Re2 Be7 39. Ra5 Bxh4 40. Rxb5 Bf6 41. b4 Rc3+ 42. Kd2 Bg5+ 43. Kd1 Ra3 44. Ra5 Rxa5 45. bxa5 Rb8 46. Ke1 Rb1+ 47. Kf2 Be3+ 1/2-1/2

[Event "CYCC U10"]
[Site "Sault Ste Marie CAN"]
[Date "2017.07.09"]
[Round "6"]
[White "Li, Neal Nian"]
[Black "Parent, Etienne"]
[Result "1-0"]
[WhiteElo "565"]
[BlackElo "1039"]
[WhiteFideId "-1"]
[WhiteFideId "-1"]
[PlyCount "62"]
[GameId "2160767908344641"]
[EventDate "2017.07.06"]
[EventType "swiss"]
[EventRounds "7"]
[EventCountry "CAN"]
[SourceTitle "EXT 2022"]
[Source "ChessBase"]
[SourceDate "2021.10.06"]
[SourceVersion "1"]
[SourceVersionDate "2021.10.06"]
[SourceQuality "1"]

1. e4 e5 2. Nf3 Nc6 3. Nc3 d6 4. d4 Be7 5. Bb5 Bd7 6. O-O Nf6 7. Re1 O-O 8. Bg5 Bg4 9. h3 Bxf3 10. Qxf3 Nxd4 11. Qg3 Nxc2 12. Bh6 Nh5 13. Qg4 g6 14. Rad1 Nxe1 15. Bxf8 Nf6 16. Bxe7 Qxe7 17. Qe2 a6 18. Bc4 b5 19. Bd5 Re8 20. Rxe1 b4 21. Na4 Qd7 22. Qxa6 Nh5 23. Bc6 Qc8 24. Qb5 Qb8 25. Bxe8 Qxb5 26. Bxb5 Nf4 27. Rc1 c5 28. Rd1 Ne6 29. Rxd6 Nc7 30. Bc4 Kf8 31. Nxc5 Ke7 1-0

[Event "CYCC U10"]
[Site "Sault Ste Marie CAN"]
[Date "2017.07.09"]
[Round "6"]
[White "Liu, Henry"]
[Black "Locham, Divjot"]
[Result "1-0"]
[WhiteElo "1547"]
[BlackElo "1119"]
[WhiteFideId "-1"]
[WhiteFideId "-1"]
[PlyCount "95"]
[GameId "2160767908344642"]
[EventDate "2017.07.06"]
[EventType "swiss"]
[EventRounds "7"]
[EventCountry "CAN"]
[SourceTitle "EXT 2022"]
[Source "ChessBase"]
[SourceDate "2021.10.06"]
[SourceVersion "1"]
[SourceVersionDate "2021.10.06"]
[SourceQuality "1"]

1. c4 Nf6 2. g3 e5 3. Bg2 Nc6 4. Nc3 Bc5 5. e3 O-O 6. Nge2 d6 7. O-O Bf5 8. d4 exd4 9. exd4 Bb6 10. a3 Bg4 11. Be3 Re8 12. Qd3 Na5 13. b4 Nc6 14. h3 Bh5 15. Nf4 Bg6 16. Nxg6 hxg6 17. Rad1 a6 18. Nd5 Nxd5 19. Bxd5 Kh8 20. Bxf7 Rf8 21. Qxg6 Rxf7 22. Qxf7 Qf8 23. Qxf8+ Rxf8 24. c5 Ba7 25. d5 Ne5 26. cxd6 cxd6 27. Bxa7 Nc4 28. Rd3 b6 29. Rc3 Ra8 30. Rxc4 Rxa7 31. Rc6 b5 32. Rxd6 a5 33. Rb6 axb4 34. axb4 Rd7 35. Rxb5 Rd6 36. Rc1 Kh7 37. Rc6 Rd7 38. Rbc5 Rd8 39. b5 Rd7 40. b6 Rb7 41. Rb5 Kh8 42. Rc7 Kh7 43. Rxb7 Kh8 44. d6 Kh7 45. d7 Kg6 46. d8=Q Kh6 47. Qg5+ Kh7 48. Qxg7# 1-0

[Event "CYCC U10"]
[Site "Sault Ste Marie CAN"]
[Date "2017.07.09"]
[Round "6"]
[White "Milardovic, Ivan"]
[Black "Yim, Warren"]
[Result "1-0"]
[WhiteElo "639"]
[BlackElo "441"]
[WhiteFideId "-1"]
[WhiteFideId "-1"]
[PlyCount "49"]
[GameId "2160767908344643"]
[EventDate "2017.07.06"]
[EventType "swiss"]
[EventRounds "7"]
[EventCountry "CAN"]
[SourceTitle "EXT 2022"]
[Source "ChessBase"]
[SourceDate "2021.10.06"]
[SourceVersion "1"]
[SourceVersionDate "2021.10.06"]
[SourceQuality "1"]

1. e4 e5 2. Nf3 Nc6 3. Bc4 Nf6 4. Ng5 d5 5. exd5 Nxd5 6. O-O Na5 7. Be2 Qxg5 8. d4 Qe7 9. dxe5 Qxe5 10. Nc3 Nxc3 11. bxc3 Qxc3 12. Bg5 Bf5 13. Qd5 Bxc2 14. Rac1 c6 15. Qf3 Qb2 16. Qh3 Qxa2 17. Rfe1 Bb4 18. Bf1+ Bxe1 19. Rxe1+ Kf8 20. Be7+ Kg8 21. Qd7 h6 22. Bd8 Kh7 23. Bd3+ Bxd3 24. Qxd3+ Kg8 25. Re8# 1-0

[Event "CYCC U10"]
[Site "Sault Ste Marie CAN"]
[Date "2017.07.09"]
[Round "6"]
[White "Qiu, James"]
[Black "He, Shukun"]
[Result "1-0"]
[WhiteElo "1152"]
[BlackElo "812"]
[WhiteFideId "-1"]
[WhiteFideId "-1"]
[PlyCount "65"]
[GameId "2160767908344646"]
[EventDate "2017.07.06"]
[EventType "swiss"]
[EventRounds "7"]
[EventCountry "CAN"]
[SourceTitle "EXT 2022"]
[Source "ChessBase"]
[SourceDate "2021.10.06"]
[SourceVersion "1"]
[SourceVersionDate "2021.10.06"]
[SourceQuality "1"]

1. e4 e5 2. Nf3 Nc6 3. Bc4 Bc5 4. b4 Bxb4 5. c3 Ba5 6. d4 exd4 7. Nxd4 Nge7 8. O-O d6 9. Qf3 Ne5 10. Qe2 Nxc4 11. Qxc4 Bd7 12. Nd2 c6 13. N2f3 d5 14. exd5 cxd5 15. Qb3 Qb6 16. Qa3 Qc7 17. Re1 Be6 18. Nxe6 fxe6 19. Rxe6 Bxc3 20. Bb2 Bxb2 21. Qxb2 O-O 22. Rae1 Rae8 23. Qb4 Nc6 24. Qd2 Rxe6 25. Rxe6 Rd8 26. Qe3 Qd7 27. Nh4 d4 28. Qb3 Kh8 29. Nf5 Na5 30. Qg3 g6 31. Qe5+ Kg8 32. Nh6+ Kf8 33. Qh8# 1-0

[Event "CYCC U10"]
[Site "Sault Ste Marie CAN"]
[Date "2017.07.09"]
[Round "6"]
[White "Ripley, Noah"]
[Black "Vo, Peter"]
[Result "0-1"]
[WhiteElo "814"]
[BlackElo "1362"]
[WhiteFideId "-1"]
[WhiteFideId "-1"]
[PlyCount "76"]
[GameId "2160767908344647"]
[EventDate "2017.07.06"]
[EventType "swiss"]
[EventRounds "7"]
[EventCountry "CAN"]
[SourceTitle "EXT 2022"]
[Source "ChessBase"]
[SourceDate "2021.10.06"]
[SourceVersion "1"]
[SourceVersionDate "2021.10.06"]
[SourceQuality "1"]

1. e4 c5 2. Nf3 d6 3. d4 cxd4 4. Nxd4 Nf6 5. Nc3 a6 6. Bd3 e5 7. Nf3 Be6 8. Bg5 Nbd7 9. Qd2 h6 10. Be3 Be7 11. h3 O-O 12. O-O Re8 13. Ne2 Nf8 14. Ng3 Ng6 15. Rfe1 Rc8 16. a3 b5 17. a4 Rb8 18. axb5 axb5 19. b4 Qd7 20. Qe2 Rec8 21. Rec1 Bc4 22. Nf5 d5 23. Bxc4 Rxc4 24. exd5 Qxf5 25. c3 Nxd5 26. Ra4 Nxc3 27. Rxc3 Rxc3 28. Ra5 Qd3 29. Qa2 Qc4 30. Qb2 Qxb4 31. Qxb4 Bxb4 32. Ra2 Rd3 33. Rb2 Bd6 34. Ba7 Ra8 35. Bb6 Rd1+ 36. Kh2 e4+ 37. g3 exf3 38. Rxb5 Raa1 0-1

[Event "CYCC U10"]
[Site "Sault Ste Marie CAN"]
[Date "2017.07.09"]
[Round "6"]
[White "Srinivas, Atharva"]
[Black "Borysenko, Andrii"]
[Result "0-1"]
[WhiteElo "1383"]
[BlackElo "1425"]
[WhiteFideId "-1"]
[WhiteFideId "-1"]
[PlyCount "110"]
[GameId "2160767908344648"]
[EventDate "2017.07.06"]
[EventType "swiss"]
[EventRounds "7"]
[EventCountry "CAN"]
[SourceTitle "EXT 2022"]
[Source "ChessBase"]
[SourceDate "2021.10.06"]
[SourceVersion "1"]
[SourceVersionDate "2021.10.06"]
[SourceQuality "1"]

1. e4 c6 2. d4 d5 3. exd5 cxd5 4. c3 Nf6 5. Bd3 Nc6 6. h3 g6 7. Nf3 Bf5 8. O-O e6 9. Bf4 Bd6 10. Be5 Bxe5 11. Nxe5 Nxe5 12. dxe5 Bxd3 13. Qxd3 Nd7 14. f4 Qb6+ 15. Qd4 Qxb2 16. Nd2 Qb6 17. Nb3 Qxd4+ 18. cxd4 Rc8 19. Rac1 O-O 20. Rxc8 Rxc8 21. Rc1 Rxc1+ 22. Nxc1 Kf8 23. Kf2 Ke8 24. Ke3 Kd8 25. Kd3 Kc7 26. Kc3 Nb6 27. Nb3 Nc4 28. Kd3 b6 29. Ke2 Kc6 30. a4 Nb2 31. a5 Nc4 32. axb6 axb6 33. Kd3 Kb5 34. Nc1 Ka4 35. Kc3 Ne3 36. g3 Nf5 37. Ne2 b5 38. g4 Ne3 39. Nc1 Nd1+ 40. Kc2 Nf2 41. Nd3 Nxd3 42. Kxd3 Kb3 43. h4 b4 44. h5 Ka2 45. hxg6 hxg6 46. g5 b3 47. Kc3 b2 48. Kd2 b1=Q 49. Kc3 Qb2+ 50. Kd3 Qc1 51. Ke2 Qxf4 52. Kd3 Qe4+ 53. Kd2 Kb3 54. Kd1 Kc3 55. Kc1 Qc2# 0-1

[Event "CYCC U10"]
[Site "Sault Ste Marie CAN"]
[Date "2017.07.09"]
[Round "6"]
[White "Wang, Daniel Z"]
[Black "Gao, William"]
[Result "0-1"]
[WhiteElo "980"]
[BlackElo "1313"]
[WhiteFideId "-1"]
[WhiteFideId "-1"]
[PlyCount "150"]
[GameId "2160767908344649"]
[EventDate "2017.07.06"]
[EventType "swiss"]
[EventRounds "7"]
[EventCountry "CAN"]

1. e4 e5 2. Nf3 Nc6 3. Bc4 Nf6 4. d3 Bc5 5. c3 d6 6. h3 Be6 7. Bxe6 fxe6 8. O-O O-O 9. Re1 Qe8 10. Be3 Bb6 11. Nbd2 Nh5 12. d4 Qg6 13. Rc1 Nf4 14. Bxf4 exf4 15. Nc4 Rf6 16. Nxb6 axb6 17. a3 Raf8 18. Qe2 Qh5 19. Rcd1 Rg6 20. Kh1 Rh6 21. Nd2 Qg5 22. Nf3 Qg4 23. Nh2 Qg5 24. Qg4 Qxg4 25. Nxg4 Rg6 26. d5 Na5 27. dxe6 Rxe6 28. f3 Rfe8 29. Nf2 Nc4 30. Rb1 c6 31. Nd3 g5 32. Red1 Rf8 33. Nb4 h5 34. Nc2 Ra8 35. Nd4 Rf6 36. Nf5 Rd8 37. Nd4 Rd7 38. Nb3 Rh6 39. Nd2 Ne3 40. Re1 g4 41. Kg1 gxh3 42. gxh3 Rg7+ 43. Kh1 Rg3 44. Rg1 h4 45. Nf1 Nxf1 46. Rbxf1 Rhg6 47. Rxg3 Rxg3 48. Kh2 Kf7 49. Rd1 Ke6 50. Rd3 b5 51. b4 b6 52. a4 bxa4 53. c4 b5 54. cxb5 cxb5 55. Rc3 Ke5 56. Rd3 Rg8 57. Rd5+ Ke6 58. Rxb5 Ra8 59. Rd5 a3 60. Rd1 a2 61. Ra1 Ke5 62. Kg2 Kd4 63. Kf2 Kc3 64. b5 Kb2 65. Rxa2+ Rxa2 66. b6 Kc3+ 67. Ke1 Rb2 68. b7 Kd3 69. b8=Q Rxb8 70. Kf2 Rb2+ 71. Kg1 Ke3 72. Kh1 Kxf3 73. Kg1 Ra2 74. Kh1 Kg3 75. Kg1 Ra1# 0-1

[Event "CYCC U10"]
[Site "Sault Ste Marie CAN"]
[Date "2017.07.09"]
[Round "6"]
[White "Wang, David"]
[Black "Wang, Andrew1"]
[Result "1-0"]
[WhiteElo "1263"]
[BlackElo "1196"]
[WhiteFideId "-1"]
[WhiteFideId "-1"]
[PlyCount "39"]
[GameId "2160767908344650"]
[EventDate "2017.07.06"]
[EventType "swiss"]
[EventRounds "7"]
[EventCountry "CAN"]
[SourceTitle "EXT 2022"]
[Source "ChessBase"]
[SourceDate "2021.10.06"]
[SourceVersion "1"]
[SourceVersionDate "2021.10.06"]
[SourceQuality "1"]

1. e4 e5 2. Nf3 Nf6 3. Nc3 Nc6 4. Bc4 Nxe4 5. Bxf7+ Kxf7 6. Nxe4 d5 7. Nc3 e4 8. Ng1 Qg5 9. g3 Bg4 10. f3 exf3 11. Nxf3 Qh5 12. Rf1 Kg8 13. d4 Re8+ 14. Kf2 Nxd4 15. Qxd4 Bxf3 16. Be3 b6 17. Qf4 Bg4 18. Kg1 c6 19. Rf2 Re6 20. Qxf8# 1-0

[Event "CYCC U10"]
[Site "Sault Ste Marie CAN"]
[Date "2017.07.09"]
[Round "6"]
[White "Xie, Austin"]
[Black "Wu, Stanley"]
[Result "1-0"]
[WhiteElo "1348"]
[BlackElo "928"]
[WhiteFideId "-1"]
[WhiteFideId "-1"]
[PlyCount "57"]
[GameId "2160767908344651"]
[EventDate "2017.07.06"]
[EventType "swiss"]
[EventRounds "7"]
[EventCountry "CAN"]
[SourceTitle "EXT 2022"]
[Source "ChessBase"]
[SourceDate "2021.10.06"]
[SourceVersion "1"]
[SourceVersionDate "2021.10.06"]
[SourceQuality "1"]

1. d4 d5 2. c4 c6 3. Nc3 Nf6 4. cxd5 cxd5 5. Nf3 Nc6 6. e3 Bf5 7. Bb5 a6 8. Ba4 e6 9. Bd2 Bd6 10. Rc1 O-O 11. a3 b5 12. Bc2 Bxc2 13. Rxc2 Re8 14. Nxb5 axb5 15. Rxc6 e5 16. dxe5 Bxe5 17. Nxe5 Rxe5 18. Bc3 Rf5 19. Bxf6 Rxf6 20. Rxf6 Qxf6 21. Qxd5 Rb8 22. Qd2 Rd8 23. Qe2 Rd5 24. O-O Qc6 25. h3 Rg5 26. f3 h6 27. Qd2 Qe6 28. e4 Qxh3 29. Qxg5 1-0

[Event "CYCC U10"]
[Site "Sault Ste Marie CAN"]
[Date "2017.07.09"]
[Round "6"]
[White "Xu, Daniel"]
[Black "Zhang, Jonathan"]
[Result "1-0"]
[WhiteElo "1941"]
[BlackElo "1278"]
[WhiteFideId "-1"]
[WhiteFideId "-1"]
[PlyCount "61"]
[GameId "2160767908344652"]
[EventDate "2017.07.06"]
[EventType "swiss"]
[EventRounds "7"]
[EventCountry "CAN"]
[SourceTitle "EXT 2022"]
[Source "ChessBase"]
[SourceDate "2021.10.06"]
[SourceVersion "1"]
[SourceVersionDate "2021.10.06"]
[SourceQuality "1"]

1. d4 e6 2. c4 d5 3. Nf3 Nf6 4. e3 Nbd7 5. Nc3 c6 6. cxd5 cxd5 7. Bb5 Be7 8. Ne5 O-O 9. f4 Nxe5 10. fxe5 Nd7 11. Qg4 f5 12. Qh3 Qe8 13. O-O Qg6 14. Bd3 Nb6 15. a4 Bd7 16. a5 Nc4 17. b3 Nxa5 18. Rxa5 Bb4 19. Ra2 Bxc3 20. Ba3 Rfc8 21. Bd6 a5 22. Qh4 Re8 23. Rc2 Bb4 24. Rc7 Bc6 25. Rf3 Qg4 26. Qxg4 fxg4 27. Rff7 Bxd6 28. Rxg7+ Kh8 29. Rxh7+ Kg8 30. Rcg7+ Kf8 31. exd6 1-0